Review of consultants' fees on construction projects (Record no. 109016)

MARC details
000 -LEADER
fixed length control field 01070cam a22002895a 4500
001 - CONTROL NUMBER
control field E146026
008 - FIXED-LENGTH DATA ELEMENTS--GENERAL INFORMATION
fixed length control field 080712s2008 xxkd f s 000 0 eng u
020 ## - INTERNATIONAL STANDARD BOOK NUMBER
International Standard Book Number 9781904829843
035 ## - SYSTEM CONTROL NUMBER
System control number (Sirsi) u146026
041 0# - LANGUAGE CODE
Language code of text/sound track or separate title eng
050 04 - LIBRARY OF CONGRESS CALL NUMBER
Classification number 331.2166 $2 18
110 2# - MAIN ENTRY--CORPORATE NAME
Corporate name or jurisdiction name as entry element Building Cost Information Service
9 (RLIN) 1096
245 00 - TITLE STATEMENT
Title Review of consultants' fees on construction projects
260 ## - PUBLICATION, DISTRIBUTION, ETC.
Place of publication, distribution, etc. London
Name of publisher, distributor, etc. BCIS
Date of publication, distribution, etc. 2008
300 ## - PHYSICAL DESCRIPTION
Extent ii, 44p.
Dimensions 30cm.
350 ## - PRICE (NR) (BK AM CF MU VM SE) [OBSOLETE]
Price 19.50
505 2# - FORMATTED CONTENTS NOTE
Formatted contents note Executive summary -- Summary table -- Introduction -- All projects -- Years 1998 to 2007 -- Construction sector -- Procurement route -- Contractor selection -- Client type -- Building function -- Value -- Location -- Appendix 1: Definitions
520 ## - SUMMARY, ETC.
Summary, etc. A survey of total fees paid by clients to consultants on over 1,500 construction projects.
521 ## - TARGET AUDIENCE NOTE
Target audience note Advanced
590 ## - LOCAL NOTE (RLIN)
Local note KA
650 ## - SUBJECT ADDED ENTRY--TOPICAL TERM
Topical term or geographic name entry element PROFESSIONAL FEES
650 ## - SUBJECT ADDED ENTRY--TOPICAL TERM
Topical term or geographic name entry element CONSULTANTS FEES
650 ## - SUBJECT ADDED ENTRY--TOPICAL TERM
Topical term or geographic name entry element CONSTRUCTION INDUSTRY
651 #4 - SUBJECT ADDED ENTRY--GEOGRAPHIC NAME
Geographic name United Kingdom
Chronological subdivision
690 ## - LOCAL SUBJECT ADDED ENTRY--TOPICAL TERM (OCLC, RLIN)
Topical term or geographic name as entry element BUILT ENVIRONMENT-BUILDING COSTS
942 ## - ADDED ENTRY ELEMENTS (KOHA)
Suppress in OPAC 0
Holdings
Withdrawn status Lost status Source of classification or shelving scheme Damaged status Not for loan Home library Current library Shelving location Date acquired Total Checkouts Full call number Barcode Date last seen Copy number Price effective from Koha item type Date last checked out
    Dewey Decimal Classification     London London RICS Boxes 16/12/2008   RICS 2008/62 30076300 06/08/2019 1 06/08/2019 Archive  
    Dewey Decimal Classification     London London RICS Boxes 16/12/2008   RICS 2008/62 30076301 06/08/2019 2 06/08/2019 Reference material  
    Dewey Decimal Classification     London London RICS Boxes 16/12/2008 5 RICS 2008/62 30076302 06/08/2019 3 06/08/2019 Book 16/12/2009